Country Capitals By Letter- M - Statistics

General Stats
  • This quiz has been taken 2,481 times
  • The average score is 13 of 20
Answer Stats
Capital % Correct
Madrid
88%
Moscow
82%
Mexico City
80%
Manila
76%
Maputo
76%
Monaco
75%
Male
73%
Minsk
73%
Montevideo
72%
Managua
71%
Manama
71%
Mogadishu
66%
Monrovia
63%
Muscat
62%
Maseru
60%
Mbabane
59%
Malabo
57%
Majuro
56%
Moroni
53%
Melekeok
19%
No matching quizzes found
Score Distribution
Percent of People with Each Score
Percentile by Number Answered
Your Score History
You have not taken this quiz